Podnikateľský model ako výzva

Odporúčania a námety pri vytváraní vhodného podnikateľského modelu (PM). Čo všetko má priniesť PM pre zákazníka a investora. Zmena a konkurencia vnímaná klientom.

Gespeichert in:
Bibliographische Detailangaben
1. Verfasser: Záležáková, Eliška
Format: Buchkapitel
Sprache:Slowakisch
Schlagworte:
Tags: Tag hinzufügen
Keine Tags, Fügen Sie das erste Tag hinzu!

MARC

LEADER 00000naa a2200000 4500
001 0191912
005 20240502073224.1
041 0 |a slo 
044 |a SK 
245 1 0 |a Podnikateľský model ako výzva  |c Eliška Záležáková 
520 |a Odporúčania a námety pri vytváraní vhodného podnikateľského modelu (PM). Čo všetko má priniesť PM pre zákazníka a investora. Zmena a konkurencia vnímaná klientom. 
610 2 0 |a podnikanie 
610 2 0 |a stratégia podnikateľská 
610 2 0 |a modely podnikateľské 
610 2 0 |a efektívnosť podnikania 
610 2 0 |a ciele podnikové 
610 2 0 |a kvalita 
100 1 |a Záležáková, Eliška